|
|
|
|
| LEADER |
00000nab a2200000 a 4500 |
| 001 |
vtls000776973 |
| 003 |
SK-MaSNL |
| 005 |
20260304025732.0 |
| 008 |
141112c1999 xo 0 eng |
| 015 |
|
|
|a SNBRB2002/01-00496
|
| 035 |
|
|
|a CLN000128759
|
| 040 |
|
|
|a SNKBUCL
|b slo
|c SNKBUCL
|e AACR2
|
| 041 |
0 |
|
|a eng
|
| 044 |
|
|
|a xo
|c SK
|
| 080 |
|
|
|a 613.25-055.25:577.1
|2 1997
|
| 080 |
|
|
|a 577.1
|2 1997
|
| 245 |
0 |
0 |
|a Leptin levels in obese girls and girls with anorexia nervosa
|c E. Tichá ... [et al.]
|
| 650 |
0 |
7 |
|a adolescenti
|2 SNKPH
|9 4892
|
| 650 |
0 |
7 |
|a obezita
|2 SNKPH
|9 2527
|
| 650 |
0 |
7 |
|a leptín
|2 SNKPH
|9 653195
|
| 650 |
0 |
7 |
|a abstrakty z kongresu
|2 SNKPH
|9 168204
|
| 650 |
0 |
7 |
|a ženy
|2 SNKPH
|9 4865
|
| 650 |
0 |
7 |
|a mentálna anorexia
|2 SNKPH
|9 79198
|
| 650 |
0 |
7 |
|a dievčatá
|2 SNKPH
|9 771
|
| 655 |
|
7 |
|a články z novín a časopisov
|2 SNK
|9 267496
|
| 700 |
1 |
|
|a Tichá, E.
|4 aut
|9 745404
|
| 700 |
1 |
|
|a Kovács, L.
|4 aut
|9 775598
|
| 700 |
1 |
|
|a Tomečková, E.
|4 aut
|9 870336
|
| 700 |
1 |
|
|a Gondová, A.
|4 aut
|9 1141751
|
| 700 |
1 |
|
|a Benedeková, M.
|4 aut
|9 775613
|
| 711 |
2 |
|
|a Slovenský pediatrický kongres
|n (2. :
|d 1999 :
|c Košice, Slovensko)
|4 aut
|9 21968
|
| 711 |
1 |
|
|a Konferencia dorastového lekárstva
|n (15. :
|d 1999 :
|c Košice, Slovensko)
|4 aut
|9 21969
|
| 773 |
0 |
|
|t Česko-slovenská pediatrie
|g Roč. 54, č. S1 (1999), s. S 41
|x 0069-2328
|
| 850 |
|
|
|a Slovenská národná knižnica v Martine
|
| 852 |
|
|
|a SNK
|b KIS3GCP
|
| 958 |
|
|
|a MI
|
| 999 |
|
|
|c 2629465
|d 2631395
|